| 000 | 00651nam a22002177a 4500 | ||
|---|---|---|---|
| 999 |
_c195673 _d195673 |
||
| 005 | 20230607110837.0 | ||
| 010 | _aUR-11929 UR-11987 UR-12029 | ||
| 020 |
_a9788180422300 _c200.00 |
||
| 035 | _aU-10484 | ||
| 035 | _aU-10542 | ||
| 035 | _aU-10584 | ||
| 037 | _bDBAD/PUB | ||
| 082 | _aک | ||
| 100 | _aانجم عثما نی | ||
| 245 |
_aکہیں کچھ کھو گیا ہے / _cانجم عثما نی |
||
| 246 |
_aKahin kuch kho gaya hai / _bby Anjum Usmani |
||
| 260 |
_aNew Delhi _bGhalib academy _c2011 ء |
||
| 270 |
_aBasti Hazrat Nizamuddin _bNew Delhi |
||
| 300 |
_a144 ص _c22cm(Hb) |
||
| 942 |
_2ddc _cUR _hک _mا ن ج |
||